[Event "SR 3. liga A2 2014/2015"]
[Site "?"]
[Date "2014.11.30"]
[Round "4.6"]
[White "Danada, Ondrej"]
[Black "Tupy, Bystrik"]
[Result "1-0"]
[WhiteElo "1870"]
[BlackElo "1782"]
[PlyCount "99"]
[EventDate "2015.??.??"]

1. d4 d5 2. c4 e6 3. cxd5 exd5 4. Nc3 Nf6 5. Bg5 Be7 6. e3 h6 7. Bh4 O-O 8. Bd3
c6 9. f3 Nh7 10. Bf2 Bh4 11. g3 Be7 12. Qc2 Nf6 13. Nge2 Bb4 14. O-O-O Bxc3 15.
Nxc3 Be6 16. g4 Ne8 17. h4 Nd6 18. h5 f6 19. Ne2 Nd7 20. Nf4 Bf7 21. Bh7+ Kh8
22. Ng6+ Bxg6 23. Bxg6 c5 24. dxc5 Rc8 25. Rxd5 Qa5 26. e4 Nxc5 27. Rxc5 Rxc5
28. Bxc5 Rc8 29. b4 Qa6 30. Rd1 Nc4 31. Qd3 Qa3+ 32. Qxa3 Nxa3 33. Kb2 Nc4+ 34.
Kb3 Ne5 35. Bf5 Re8 36. Bxa7 Nxf3 37. Rd3 Ne5 38. Rc3 Nc6 39. Bb6 Kg8 40. b5
Ne5 41. Rc8 Rxc8 42. Bxc8 Kf7 43. a4 Ke7 44. a5 Kd6 45. Bxb7 Nd7 46. Bd4 Kc7
47. Bc6 Nb8 48. Bd5 Nd7 49. b6+ Kb8 50. a6 1-0

[Event "SR 3. liga A2 2014/2015"]
[Site "?"]
[Date "2014.11.30"]
[Round "4.6"]
[White "Gazovic, Lukas"]
[Black "Ulehla, Jakub"]
[Result "0-1"]
[WhiteElo "1647"]
[BlackElo "1479"]
[PlyCount "56"]
[EventDate "2015.??.??"]

1. e4 e5 2. Nf3 Nc6 3. Bb5 a6 4. Ba4 Nf6 5. d3 d6 6. h3 Be7 7. Nc3 b5 8. Bb3
Na5 9. Bd2 Nxb3 10. axb3 O-O 11. Nxb5 Bxh3 12. Rxh3 axb5 13. Bb4 Re8 14. Nh4
Nxe4 15. dxe4 Rxa1 16. Qxa1 Bxh4 17. Ba5 Bf6 18. Qd1 Qd7 19. Qh5 h6 20. Bd2 Qc6
21. Qf3 Ra8 22. c3 Ra1+ 23. Ke2 Rb1 24. Qf5 Qa8 25. Kd3 Rxb2 26. Bxh6 b4 27.
Bd2 Qa6+ 28. Ke3 bxc3 0-1

[Event "SR 3. liga A2 2014/2015"]
[Site "?"]
[Date "2014.12.14"]
[Round "5.1"]
[White "Skreno, Vladimir"]
[Black "Horak, Ivan"]
[Result "1-0"]
[WhiteElo "2244"]
[BlackElo "2070"]
[PlyCount "105"]
[EventDate "2015.??.??"]

1. d4 d5 2. Nf3 Nf6 3. c4 c6 4. cxd5 cxd5 5. Nc3 Nc6 6. Bf4 e6 7. e3 Nh5 8. Bg5
Be7 9. Bxe7 Qxe7 10. Bb5 Bd7 11. O-O Nf6 12. Bxc6 Bxc6 13. a3 O-O 14. b4 Rfc8
15. Qb3 Ne4 16. Rfc1 Nxc3 17. Rxc3 Bb5 18. Nd2 Qd7 19. Rac1 b6 20. h3 g6 21.
Qc2 Ba6 22. Rc7 Rxc7 23. Qxc7 Qxc7 24. Rxc7 Bb5 25. Nf3 a5 26. Rb7 axb4 27.
axb4 Ra1+ 28. Kh2 Ra6 29. Ne5 Be8 30. Rb8 Kf8 31. Nd7+ Ke7 32. Nxb6 Ra2 33. Kg3
Bc6 34. b5 Bxb5 35. Nxd5+ exd5 36. Rxb5 Ke6 37. Rb6+ Kf5 38. Kf3 Ra5 39. h4 h5
40. Rd6 f6 41. Rxd5+ Rxd5 42. e4+ Ke6 43. exd5+ Kxd5 44. Ke3 g5 45. g3 g4 46.
Kd3 f5 47. Ke3 Kc4 48. Kf4 Kxd4 49. Kxf5 Kd5 50. Kg5 Ke5 51. Kxh5 Kf5 52. Kh6
Kf6 53. h5 1-0

[Event "SR 3. liga A2 2014/2015"]
[Site "?"]
[Date "2014.12.14"]
[Round "5.1"]
[White "Sefcik, Marek"]
[Black "Bisco, Igor"]
[Result "1/2-1/2"]
[WhiteElo "2043"]
[BlackElo "2079"]
[PlyCount "32"]
[EventDate "2015.??.??"]

1. d4 Nf6 2. Bf4 g6 3. e3 Bg7 4. c3 O-O 5. Nd2 d6 6. h3 Nbd7 7. Qc2 b6 8. Be2
Bb7 9. Bf3 Qc8 10. Bxb7 Qxb7 11. Ngf3 Qa6 12. Qb3 c5 13. Qc4 Qxc4 14. Nxc4 Rac8
15. Ncd2 cxd4 16. exd4 e5 1/2-1/2

[Event "SR 3. liga A2 2014/2015"]
[Site "?"]
[Date "2014.12.14"]
[Round "5.1"]
[White "Malar, Pavol"]
[Black "Chabada, Tomas"]
[Result "1-0"]
[WhiteElo "2062"]
[BlackElo "1987"]
[PlyCount "87"]
[EventDate "2015.??.??"]

1. e4 e5 2. Nf3 Nc6 3. Bb5 a6 4. Ba4 Nf6 5. O-O Be7 6. Re1 b5 7. Bb3 d6 8. h3
O-O 9. c3 Na5 10. Bc2 c5 11. d3 Re8 12. Nbd2 h6 13. Nf1 Bf8 14. Ng3 g6 15. a4
Bb7 16. Nh2 d5 17. Ng4 Nxg4 18. Qxg4 Bg7 19. axb5 axb5 20. f4 dxe4 21. dxe4 Nc4
22. Rxa8 Bxa8 23. f5 h5 24. Qf3 h4 25. Nf1 g5 26. Qh5 f6 27. Bb3 Re7 28. Nd2
Kf8 29. Nxc4 bxc4 30. Bxc4 Rd7 31. Qh7 Rf7 32. Be3 Qd6 33. Bxf7 Kxf7 34. Qh5+
Kf8 35. Qf3 Qc6 36. Bf2 Bb7 37. Qe3 c4 38. Qc5+ Qxc5 39. Bxc5+ Ke8 40. Kf2 Kd7
41. Kf3 Kc6 42. Ba3 Ba6 43. Rd1 Bb5 44. Rd8 1-0

[Event "SR 3. liga A2 2014/2015"]
[Site "?"]
[Date "2014.12.14"]
[Round "5.1"]
[White "Kovarik, Oto"]
[Black "Slamena, Michal"]
[Result "0-1"]
[WhiteElo "1926"]
[BlackElo "1993"]
[PlyCount "62"]
[EventDate "2015.??.??"]

1. e4 c5 2. Nf3 d6 3. d4 cxd4 4. Nxd4 Nf6 5. Nc3 g6 6. Be2 Bg7 7. Be3 O-O 8.
O-O Nc6 9. h3 Be6 10. Qd2 Qd7 11. Nxe6 fxe6 12. f3 d5 13. Rad1 Rad8 14. Qc1 Qc8
15. Bf2 d4 16. Nb5 e5 17. a4 Nh5 18. Rfe1 Nf4 19. Bf1 Bh6 20. Qb1 Rf6 21. c3 a6
22. Na3 Rdf8 23. Bg3 Nxh3+ 24. gxh3 Rxf3 25. Rd3 Be3+ 26. Kh2 h5 27. Be2 h4 28.
Bxf3 Rxf3 29. Re2 Rxg3 30. Qf1 Bg1+ 31. Qxg1 Qxh3# 0-1

[Event "SR 3. liga A2 2014/2015"]
[Site "?"]
[Date "2014.12.14"]
[Round "5.1"]
[White "Skocik, Jozef"]
[Black "Husek, Lubomir"]
[Result "0-1"]
[WhiteElo "1921"]
[BlackElo "1854"]
[PlyCount "80"]
[EventDate "2015.??.??"]

1. e4 c5 2. Nf3 d6 3. d4 cxd4 4. Nxd4 Nf6 5. Nc3 a6 6. Be3 e5 7. Nb3 Be6 8. Be2
Be7 9. O-O O-O 10. f4 Nc6 11. f5 Bxb3 12. axb3 b5 13. Bf3 Qc7 14. Ne2 Rfd8 15.
g4 h6 16. h4 Nh7 17. Qe1 Kh8 18. Qg3 Rg8 19. g5 Qd8 20. Kf2 Nb4 21. Rac1 Rc8
22. Nc3 a5 23. Rh1 a4 24. bxa4 bxa4 25. Qh3 a3 26. bxa3 Rxc3 27. axb4 Qb8 28.
gxh6 gxh6 29. Bd2 Qb6+ 30. Ke2 Qb5+ 31. Kf2 Qb6+ 32. Ke2 Ra3 33. c3 Ra2 34. Ra1
Qa6+ 35. Ke3 Rxa1 36. Rxa1 Qxa1 37. Bh5 Qg1+ 38. Kf3 Qd1+ 39. Ke3 Qxh5 40. f6
Nxf6 0-1

[Event "SR 3. liga A2 2014/2015"]
[Site "?"]
[Date "2014.12.14"]
[Round "5.1"]
[White "Holiencin, Filip"]
[Black "Drgon, Matus"]
[Result "0-1"]
[WhiteElo "1845"]
[BlackElo "1754"]
[PlyCount "79"]
[EventDate "2015.??.??"]

1. d4 Nf6 2. c4 e6 3. Nc3 b6 4. Bg5 Bb7 5. Nf3 Be7 6. e3 O-O 7. Be2 d5 8. Bxf6
Bxf6 9. cxd5 Bxd5 10. O-O Bb7 11. Rc1 Nd7 12. Na4 Rc8 13. b4 e5 14. Qb3 Bxf3
15. Bxf3 exd4 16. exd4 Bxd4 17. Bg4 c5 18. Rfd1 Re8 19. Qh3 Rc7 20. Bxd7 Rxd7
21. Kf1 Re6 22. bxc5 Bxc5 23. Rxd7 Qxd7 24. Nxc5 bxc5 25. Rb1 g6 26. Qc3 Qd4
27. Qc2 Qf4 28. Kg1 Qe4 29. Qxe4 Rxe4 30. Rc1 Kg7 31. g3 c4 32. Rc2 Kf6 33. Kg2
Ke5 34. Kf3 f5 35. Rc3 Kd4 36. Ra3 c3 37. Rxa7 c2 38. Rxh7 c1=Q 39. Rd7+ Ke5
40. h4 0-1

[Event "SR 3. liga A2 2014/2015"]
[Site "?"]
[Date "2014.12.14"]
[Round "5.1"]
[White "Filip, Frantisek"]
[Black "Kahanek, Jaroslav"]
[Result "0-1"]
[WhiteElo "1773"]
[BlackElo "1829"]
[PlyCount "168"]
[EventDate "2015.??.??"]

1. c4 e5 2. Nc3 Nf6 3. g3 g6 4. Bg2 Bg7 5. d3 h6 6. Nf3 Nc6 7. Bd2 O-O 8. O-O
d6 9. Nd5 Nxd5 10. cxd5 Ne7 11. e4 c6 12. dxc6 Nxc6 13. Qb3 Rb8 14. Be3 Be6 15.
Qa3 a6 16. b3 Kh7 17. Rad1 f5 18. exf5 Bxf5 19. d4 e4 20. Nh4 d5 21. Nxf5 Rxf5
22. f3 exf3 23. Bxf3 Qd7 24. Qc5 b6 25. Qc1 Re8 26. Kg2 Qb7 27. Bg4 Rf6 28. Bf3
Rf5 29. g4 Rf6 30. Bxd5 Qd7 31. Rxf6 Bxf6 32. Bf3 Nxd4 33. Bxd4 Bxd4 34. Qc4
Rd8 35. Qxa6 Qe7 36. Qc4 Qf6 37. b4 h5 38. Rf1 Qg5 39. h3 Be5 40. Be2 Rd2 41.
Qf7+ Kh6 42. Qf8+ Bg7 43. Qf3 Rxa2 44. Kh1 Qd2 45. Rf2 h4 46. Kg2 Qxb4 47. Qe3+
Kh7 48. g5 Ra3 49. Qf4 Rg3+ 50. Kh2 Qxf4 51. Rxf4 Be5 52. Rxh4+ Kg7 53. Kh1
Rxg5 54. Rg4 Rf5 55. Bd3 Rf6 56. Kg2 Kh6 57. Re4 Bd6 58. Rg4 g5 59. Re4 Bc5 60.
Re8 Kg7 61. Rc8 Rd6 62. Be2 Kf6 63. Kf3 Rd4 64. Kg2 Kf5 65. Rc7 Kf4 66. Rf7+
Ke3 67. Bg4 Rd2+ 68. Kf1 Rb2 69. Rf3+ Ke4 70. Rc3 Rf2+ 71. Ke1 Rh2 72. Rb3 Kd4
73. Rf3 Rb2 74. Bf5 b5 75. Rg3 Be7 76. Rg4+ Ke5 77. Bd7 b4 78. Rg3 Bf6 79. Kd1
Kf4 80. Rg4+ Kf3 81. Rc4 Bc3 82. Rg4 Rd2+ 83. Kc1 Rxd7 84. Rxg5 Bd2+ 0-1

[Event "SR 3. liga A2 2014/2015"]
[Site "?"]
[Date "2014.12.14"]
[Round "5.1"]
[White "Pivacek, Jozef"]
[Black "Jancicka, Viliam"]
[Result "1/2-1/2"]
[WhiteElo "1000"]
[BlackElo "1757"]
[PlyCount "82"]
[EventDate "2015.??.??"]

1. e4 c5 2. Nc3 Nc6 3. g3 d6 4. Bg2 e5 5. d3 h6 6. f4 Nf6 7. f5 Bd7 8. Nf3 Be7
9. O-O Rb8 10. a4 a6 11. h3 b6 12. g4 Nh7 13. Nd5 a5 14. Nxe7 Qxe7 15. c3 Ng5
16. Nh2 f6 17. Be3 Qf7 18. h4 Nh7 19. Nf3 g5 20. h5 O-O 21. d4 Rfe8 22. dxc5
dxc5 23. Qc2 Red8 24. Rfd1 Be8 25. Bf1 Kg7 26. Nd2 Qc7 27. Nc4 Bf7 28. Na3 Nf8
29. Nb5 Qe7 30. Be2 Kg8 31. Na3 Rxd1+ 32. Rxd1 Rd8 33. Bc4 Kg7 34. Bxf7 Qxf7
35. Rxd8 Nxd8 36. Qd3 Qd7 37. Qe2 Qf7 38. Kf2 Nc6 39. Kf3 Kg8 40. Qd3 Kg7 41.
Nc4 Nd7 1/2-1/2

[Event "SR 3. liga A2 2014/2015"]
[Site "?"]
[Date "2014.12.14"]
[Round "5.2"]
[White "Liptak, Tomas"]
[Black "Spacek, Oliver"]
[Result "1-0"]
[WhiteElo "2168"]
[BlackElo "2011"]
[PlyCount "79"]
[EventDate "2015.??.??"]

1. e4 g6 2. d4 Bg7 3. Nf3 d6 4. Be3 Nf6 5. Nc3 O-O 6. Qd2 Ng4 7. Bg5 f6 8. Bc4+
e6 9. Bh4 Qe8 10. h3 Nh6 11. O-O-O Bd7 12. a3 b5 13. Ba2 Nf7 14. g4 a5 15. g5
b4 16. Nb1 fxg5 17. Nxg5 Nc6 18. Qe3 h6 19. Nxf7 Qxf7 20. Bg3 Ne7 21. f4 d5 22.
Rhg1 Bc6 23. Bh4 Bf6 24. Bxf6 Qxf6 25. f5 exf5 26. exd5 Bxd5 27. Bxd5+ Nxd5 28.
Qxh6 Ra6 29. h4 Qg7 30. Qg5 Qf6 31. Qh6 Rf7 32. Rde1 Rg7 33. Re8+ Kf7 34. Qh8
Qd6 35. h5 g5 36. Rge1 Rc6 37. Rd8 Rxc2+ 38. Kxc2 Qh2+ 39. Nd2 b3+ 40. Kc1 1-0

[Event "SR 3. liga A2 2014/2015"]
[Site "?"]
[Date "2014.12.14"]
[Round "5.2"]
[White "Diviak, Rastislav"]
[Black "Kovacocy, Pavel"]
[Result "0-1"]
[WhiteElo "2001"]
[BlackElo "2192"]
[PlyCount "70"]
[EventDate "2015.??.??"]

1. e4 c5 2. Nf3 g6 3. d4 cxd4 4. Nxd4 Nc6 5. c4 Bh6 6. Bxh6 Nxh6 7. Nc3 d6 8.
Be2 O-O 9. h4 Qb6 10. Nb3 Be6 11. Qd2 Kg7 12. h5 Rh8 13. Nd5 Bxd5 14. exd5 Ne5
15. Qc3 f6 16. Nd4 g5 17. g3 Rhg8 18. O-O-O Rac8 19. f4 Nef7 20. Ne6+ Kh8 21.
Rhf1 gxf4 22. Rxf4 Ne5 23. Kb1 Nhg4 24. Bxg4 Rxg4 25. Rxg4 Nxg4 26. Rd4 Ne5 27.
b3 a5 28. a4 Rg8 29. Kb2 Qa7 30. Qe3 Qb8 31. Qh6 Qe8 32. Nf4 Ng4 33. Ng6+ Rxg6
34. hxg6 Nxh6 35. Rh4 Qxg6 0-1

[Event "SR 3. liga A2 2014/2015"]
[Site "?"]
[Date "2014.12.14"]
[Round "5.2"]
[White "Machalova, Erika"]
[Black "Pericka, Tomas"]
[Result "0-1"]
[WhiteElo "2102"]
[BlackElo "2010"]
[PlyCount "74"]
[EventDate "2015.??.??"]

1. d4 f5 2. c4 Nf6 3. Nc3 e6 4. Bg5 h6 5. Bxf6 Qxf6 6. Nf3 Bb4 7. Qb3 Nc6 8. e3
a5 9. a3 Bxc3+ 10. Qxc3 d6 11. c5 Bd7 12. Bb5 O-O 13. O-O Kh8 14. Rfd1 Qf7 15.
Rac1 Nd8 16. Qb3 Bxb5 17. Qxb5 c6 18. Qa4 d5 19. b4 Qc7 20. b5 Nf7 21. Rb1 Rfb8
22. Rb2 b6 23. bxc6 bxc5 24. Rxb8+ Rxb8 25. dxc5 Rc8 26. Nd4 Nd8 27. Rb1 f4 28.
Rb6 fxe3 29. fxe3 Qe5 30. Qb3 a4 31. Qd3 Qf6 32. Qa6 Rc7 33. Qxa4 e5 34. Nf3 e4
35. Nd4 Rf7 36. h3 Qf1+ 37. Kh2 Rf2 0-1

[Event "SR 3. liga A2 2014/2015"]
[Site "?"]
[Date "2014.12.14"]
[Round "5.2"]
[White "Nemeckay, Rastislav"]
[Black "Cechovic, Stefan"]
[Result "1/2-1/2"]
[WhiteElo "1985"]
[BlackElo "2155"]
[PlyCount "24"]
[EventDate "2015.??.??"]

1. e4 c6 2. d4 d6 3. Nf3 Nf6 4. Nc3 Bg4 5. Be2 Nbd7 6. Ng5 Bxe2 7. Qxe2 h6 8.
Nxf7 Kxf7 9. e5 Nb6 10. exf6 exf6 11. O-O d5 12. Bf4 Bd6 1/2-1/2

[Event "SR 3. liga A2 2014/2015"]
[Site "?"]
[Date "2014.12.14"]
[Round "5.2"]
[White "Sarmir, Milos"]
[Black "Ocko, Martin"]
[Result "1-0"]
[WhiteElo "2011"]
[BlackElo "1857"]
[PlyCount "113"]
[EventDate "2015.??.??"]

1. e4 c5 2. b3 Nc6 3. Bb2 d6 4. Nf3 Nf6 5. d3 g6 6. Be2 Bg7 7. Nbd2 Bd7 8. c3
O-O 9. O-O Nh5 10. Re1 Nf4 11. Bf1 b5 12. Qc2 Rc8 13. g3 Nh3+ 14. Kg2 h5 15.
Ng1 Nxg1 16. Kxg1 e5 17. Nf3 f5 18. Nh4 Qf6 19. exf5 gxf5 20. Qe2 Qg5 21. Qf3
f4 22. Qd5+ Kh8 23. Qxd6 Bf5 24. Qd5 Ne7 25. Qf3 Bg4 26. Qe4 fxg3 27. fxg3 Qf6
28. Qg2 Nf5 29. Nxf5 Qxf5 30. h3 Bf3 31. Qf2 Qg6 32. Bg2 Bxg2 33. Qxg2 Qxd3 34.
Rad1 Qf3 35. c4 Rce8 36. cxb5 Rf7 37. Qxf3 Rxf3 38. Kg2 Rf7 39. Rd5 e4 40.
Rxh5+ Kg8 41. Bxg7 Kxg7 42. Rxc5 e3 43. Re2 Ref8 44. Rcc2 Rb8 45. Rxe3 Rxb5 46.
Rce2 Ra5 47. Re7 Rxe7 48. Rxe7+ Kf6 49. Re2 Ra3 50. h4 a5 51. Kh3 a4 52. b4 Rc3
53. b5 a3 54. b6 Rc6 55. Re3 Rxb6 56. Rxa3 Rb1 57. Ra5 1-0

[Event "SR 3. liga A2 2014/2015"]
[Site "?"]
[Date "2014.12.14"]
[Round "5.2"]
[White "Skapik, Branislav"]
[Black "Markuliak, Mario"]
[Result "1-0"]
[WhiteElo "1822"]
[BlackElo "1811"]
[PlyCount "65"]
[EventDate "2015.??.??"]

1. Nf3 d6 2. e4 e5 3. d4 Nd7 4. Bb5 c6 5. Bc4 Be7 6. O-O Ngf6 7. Re1 O-O 8. c3
Qc7 9. h3 a5 10. a4 b6 11. Nbd2 Ba6 12. Bxa6 Rxa6 13. Nf1 Re8 14. Ng3 Bf8 15.
Ng5 h6 16. Nf3 b5 17. Qd3 Qb7 18. Nf5 d5 19. Nxe5 Nxe5 20. dxe5 Rxe5 21. Qg3
Rxe4 22. Bxh6 g6 23. Bxf8 Kxf8 24. Qd6+ Kg8 25. Qxf6 gxf5 26. Qg5+ Kf8 27. Qxf5
bxa4 28. Rxe4 dxe4 29. Rxa4 Rb6 30. Qc5+ Kg7 31. Rxe4 Rxb2 32. Qg5+ Kf8 33.
Qh6+ 1-0

[Event "SR 3. liga A2 2014/2015"]
[Site "?"]
[Date "2014.12.14"]
[Round "5.2"]
[White "Vlkovic, Pavol"]
[Black "Spacek, Marcel"]
[Result "0-1"]
[WhiteElo "1820"]
[BlackElo "1690"]
[PlyCount "78"]
[EventDate "2015.??.??"]

1. e4 c5 2. d3 Nc6 3. Nf3 e6 4. c3 d5 5. Qe2 Be7 6. g3 Nf6 7. Bg2 O-O 8. O-O
Qc7 9. e5 Nd7 10. Bf4 b5 11. Nbd2 Rb8 12. Rfe1 c4 13. d4 b4 14. Nf1 Nb6 15. h4
Na4 16. Qc2 Qa5 17. Bd2 bxc3 18. bxc3 Rb2 19. Qd1 Nb6 20. N1h2 Rxa2 21. Rxa2
Qxa2 22. Ng4 Na4 23. Ng5 Bxg5 24. hxg5 Ne7 25. Re2 Qb3 26. Qe1 Bd7 27. Re3 Nb2
28. Bf1 Nf5 29. Re2 a5 30. f4 a4 31. Rh2 Qd1 32. Qxd1 Nxd1 33. Be1 Rb8 34. Ra2
Rb3 35. Rc2 a3 36. Rc1 a2 37. Ra1 Ra3 38. Kg2 Nde3+ 39. Nxe3 Nxe3+ 0-1

[Event "SR 3. liga A2 2014/2015"]
[Site "?"]
[Date "2014.12.14"]
[Round "5.2"]
[White "Sobek, Michal"]
[Black "Hornak, Pavol"]
[Result "1-0"]
[WhiteElo "1684"]
[BlackElo "1766"]
[PlyCount "106"]
[EventDate "2015.??.??"]

1. e4 c5 2. Nf3 a6 3. Nc3 e6 4. d4 cxd4 5. Nxd4 Bc5 6. Be3 Qb6 7. a3 Nc6 8. Na4
Qa5+ 9. c3 Bxd4 10. Bxd4 Nxd4 11. Qxd4 e5 12. Qb4 Qxb4 13. axb4 Nf6 14. Nb6 Rb8
15. f3 Ke7 16. Bc4 d6 17. Nxc8+ Rbxc8 18. Bb3 Rhd8 19. Rd1 Rc7 20. Kf2 Rcd7 21.
Rhe1 Nh5 22. g3 g6 23. h4 Rf8 24. Rd5 f5 25. exf5 gxf5 26. f4 Nf6 27. Ra5 Ne4+
28. Ke3 Kf6 29. Rd5 Rfd8 30. Red1 Ke7 31. fxe5 dxe5 32. Rxe5+ Kf6 33. Re6+ Kg7
34. Rxd7+ Rxd7 35. Kf4 Rd2 36. Re7+ Kf6 37. Rf7+ Kg6 38. h5+ Kh6 39. Rxf5 Nd6
40. Rd5 Rxd5 41. Bxd5 Kxh5 42. c4 b6 43. Ke5 Nc8 44. Ke6 Kg4 45. Kd7 Na7 46.
Kc7 Kxg3 47. Kb7 Nb5 48. cxb5 axb5 49. Kxb6 Kf4 50. Kxb5 Ke5 51. Bh1 Kd6 52.
Ka6 Kc7 53. b5 h5 1-0

[Event "SR 3. liga A2 2014/2015"]
[Site "?"]
[Date "2014.12.14"]
[Round "5.3"]
[White "Jozefek, Michal"]
[Black "Miciak, Emanuel"]
[Result "1-0"]
[WhiteElo "2064"]
[BlackElo "1882"]
[PlyCount "113"]
[EventDate "2015.??.??"]

1. d4 Nf6 2. c4 g6 3. Nc3 Bg7 4. e4 d6 5. Be2 O-O 6. Bg5 c6 7. h4 Qa5 8. Qd2 e5
9. d5 cxd5 10. cxd5 Bd7 11. a3 Na6 12. Nf3 Rac8 13. O-O Qc7 14. Rfe1 Nc5 15.
Bd1 Bg4 16. Qe3 Bh5 17. Bxf6 Bxf6 18. b4 Nd7 19. Nb5 Qb8 20. Nxa7 Rc7 21. Nb5
Rcc8 22. g3 Bxf3 23. Bxf3 Bd8 24. Qe2 f5 25. Rac1 Bb6 26. exf5 gxf5 27. Rxc8
Rxc8 28. Bg4 Rf8 29. Bxf5 Nf6 30. Kg2 Nxd5 31. Be6+ Kh8 32. Bxd5 Rxf2+ 33. Qxf2
Bxf2 34. Kxf2 Qd8 35. Re3 Qb6 36. Nc3 Qd4 37. Bxb7 Qa7 38. Bc6 Qxa3 39. b5 Qc5
40. Kf3 h5 41. Nd5 Qc4 42. Rc3 Qf1+ 43. Ke4 Qb1+ 44. Ke3 Qe1+ 45. Kd3 Qxg3+ 46.
Kc2 Qg6+ 47. Kb2 Qg2+ 48. Kb3 Qf1 49. b6 Qb1+ 50. Ka4 Qa2+ 51. Kb4 Qb2+ 52. Kc4
Qe2+ 53. Kb3 Qd1+ 54. Kb2 Qd2+ 55. Ka3 Qd4 56. b7 Qa7+ 57. Kb4 1-0

[Event "SR 3. liga A2 2014/2015"]
[Site "?"]
[Date "2014.12.14"]
[Round "5.3"]
[White "Podjavorinsky, Michal"]
[Black "Kapusta, Petr"]
[Result "0-1"]
[WhiteElo "1736"]
[BlackElo "2112"]
[PlyCount "64"]
[EventDate "2015.??.??"]

1. e4 c5 2. d3 d6 3. f4 Nc6 4. Nf3 g6 5. g3 Bg7 6. Bg2 Nf6 7. O-O O-O 8. c3 Rb8
9. Be3 Ng4 10. Qe2 Nxe3 11. Qxe3 b5 12. a3 a5 13. d4 cxd4 14. Nxd4 Nxd4 15.
cxd4 Qb6 16. e5 dxe5 17. fxe5 Rd8 18. Rd1 Bg4 19. Rd2 b4 20. axb4 axb4 21. Rd3
Bf5 22. Be4 Bh6 23. Qxh6 Bxe4 24. Rd2 Rxd4 25. Kf1 Bd3+ 26. Kg2 Qc6+ 27. Kf2
Qc1 28. Nc3 Qxa1 29. Rxd3 Rxd3 30. Ne4 Qxb2+ 31. Ke1 Qa1+ 32. Kf2 Qd4+ 0-1

[Event "SR 3. liga A2 2014/2015"]
[Site "?"]
[Date "2014.12.14"]
[Round "5.3"]
[White "Koutny, Petr"]
[Black "Bajcar, Pavol"]
[Result "1-0"]
[WhiteElo "2095"]
[BlackElo "1776"]
[PlyCount "85"]
[EventDate "2015.??.??"]

1. e4 e6 2. Nf3 d5 3. Nc3 dxe4 4. Nxe4 Nf6 5. Nxf6+ Qxf6 6. d4 Bd6 7. Bg5 Qf5
8. Bd3 Qa5+ 9. c3 Nc6 10. O-O Ne7 11. b4 Qb6 12. a3 Bd7 13. c4 Bxb4 14. axb4
Qxb4 15. Qc2 Bc6 16. Ne5 Bxg2 17. Kxg2 f6 18. Bd2 Qd6 19. Nf3 g5 20. Bc3 h5 21.
d5 e5 22. Rfe1 Kf7 23. Bf5 Nxf5 24. Qxf5 Rag8 25. Rxe5 g4 26. Nd2 Rg5 27. Qe6+
Qxe6 28. Rxe6 Rg6 29. Rxa7 Rhg8 30. Rxb7 Kg7 31. Rxf6 Rxf6 32. Ne4 Rgf8 33.
Nxf6 Rxf6 34. Rxc7+ Kg6 35. Bxf6 Kxf6 36. d6 Ke6 37. c5 h4 38. Re7+ Kd5 39. d7
g3 40. d8=Q+ Kxc5 41. Rc7+ Kb6 42. Qb8+ Ka6 43. Ra7# 1-0

[Event "SR 3. liga A2 2014/2015"]
[Site "?"]
[Date "2014.12.14"]
[Round "5.3"]
[White "Lajda, Dusan"]
[Black "Vepy, Ivan"]
[Result "0-1"]
[WhiteElo "1853"]
[BlackElo "1923"]
[PlyCount "94"]
[EventDate "2015.??.??"]

1. e4 e5 2. Nf3 Nc6 3. Bc4 Be7 4. d4 d6 5. c3 Bg4 6. Qb3 Na5 7. Bxf7+ Kf8 8.
Qa4 c6 9. Bxg8 b5 10. Qc2 Kxg8 11. Nbd2 Bf6 12. dxe5 dxe5 13. a4 h6 14. O-O Kh7
15. b4 Nb7 16. h3 Bh5 17. Re1 Rf8 18. c4 Nd6 19. c5 Nc4 20. Nxc4 Bxf3 21. Nd6
Bh5 22. axb5 cxb5 23. Ra6 Qd7 24. Be3 Be7 25. Rea1 Rf6 26. Nf5 Rxa6 27. Rxa6
Qb7 28. Re6 Bf6 29. Rd6 a5 30. Rb6 Qc7 31. Rxb5 Be8 32. Rb6 axb4 33. Rxb4 Be7
34. Nxe7 Qxe7 35. Rb6 Rc8 36. Qb2 Bc6 37. f3 Ba8 38. Bf2 Bc6 39. g4 Ba8 40. Qb4
Qf7 41. Kg2 Rf8 42. Qc3 Bxe4 43. Rb3 Bd5 44. Qc2+ Kh8 45. Rc3 Bxf3+ 46. Kh2 Bc6
47. Kg1 Qd5 0-1

[Event "SR 3. liga A2 2014/2015"]
[Site "?"]
[Date "2014.12.14"]
[Round "5.3"]
[White "Vogl, Zdenek"]
[Black "Krchnak, Rudolf"]
[Result "1/2-1/2"]
[WhiteElo "1909"]
[BlackElo "1796"]
[PlyCount "56"]
[EventDate "2015.??.??"]

1. e4 c5 2. Nf3 d6 3. d4 cxd4 4. Nxd4 Nf6 5. Nc3 a6 6. Bg5 e6 7. Bd3 Be7 8. O-O
Nxe4 9. Bxe7 Nxc3 10. Bxd8 Nxd1 11. Bc7 Nxb2 12. Bxd6 Nxd3 13. cxd3 Kd7 14. Bg3
Nc6 15. Nf3 b5 16. Rac1 Bb7 17. Ne5+ Nxe5 18. Bxe5 Rac8 19. Bxg7 Rxc1 20. Rxc1
Rg8 21. Be5 Bxg2 22. Rc7+ Kd8 23. Rxf7 Be4+ 24. Bg3 Bxd3 25. Ra7 Rg4 26. Rxa6
Bf5 27. f3 Rb4 28. Kf2 Ra4 1/2-1/2

[Event "SR 3. liga A2 2014/2015"]
[Site "?"]
[Date "2014.12.14"]
[Round "5.3"]
[White "Bjel, Tomas"]
[Black "Hrubsa, Marian"]
[Result "0-1"]
[WhiteElo "1643"]
[BlackElo "1826"]
[PlyCount "54"]
[EventDate "2015.??.??"]

1. e4 e6 2. d4 d5 3. e5 c5 4. Be3 cxd4 5. Bxd4 Nc6 6. Bb5 a6 7. Bxc6+ bxc6 8.
b3 Ne7 9. Ne2 Ng6 10. O-O c5 11. Bb2 Bb7 12. f3 Qc7 13. f4 d4 14. Nd2 Nh4 15.
Nf3 Nf5 16. Bc1 Be7 17. c3 Qc6 18. cxd4 cxd4 19. Qd3 O-O 20. Bb2 Rfd8 21. Rac1
Qb6 22. Kh1 Bc5 23. Rfd1 Ne3 24. Re1 a5 25. Nexd4 Nf5 26. Rxc5 Qxc5 27. Nxe6
fxe6 0-1

[Event "SR 3. liga A2 2014/2015"]
[Site "?"]
[Date "2014.12.14"]
[Round "5.3"]
[White "Planka, Peter"]
[Black "Madzo, Anton"]
[Result "1/2-1/2"]
[WhiteElo "1764"]
[BlackElo "1582"]
[PlyCount "58"]
[EventDate "2015.??.??"]

1. e4 e6 2. d4 d6 3. Nf3 Be7 4. Bd3 Nd7 5. O-O Ngf6 6. c4 h6 7. Nc3 e5 8. d5 b6
9. b3 Nc5 10. Bc2 Bg4 11. Bb2 Qc8 12. b4 Ncd7 13. Qd3 Nf8 14. a3 Ng6 15. Ba4+
Bd7 16. Bxd7+ Qxd7 17. Bc1 Nh5 18. Ne2 O-O 19. Ng3 Nhf4 20. Qc2 Qg4 21. Kh1 Bf6
22. Ng1 Nh4 23. f3 Qd7 24. Rf2 g5 25. Ra2 Kh7 26. N3e2 Nxe2 27. Qxe2 Ng6 28. g3
Be7 29. g4 Nf4 1/2-1/2

[Event "SR 3. liga A2 2014/2015"]
[Site "?"]
[Date "2014.12.14"]
[Round "5.3"]
[White "Kosiarcik, Maximilian"]
[Black "Antalek, Rudolf"]
[Result "0-1"]
[WhiteElo "1437"]
[BlackElo "1532"]
[PlyCount "64"]
[EventDate "2015.??.??"]

1. e4 c5 2. Nf3 d6 3. d4 cxd4 4. Nxd4 Nf6 5. Nc3 e6 6. Bg5 Be7 7. Qd2 Nc6 8.
Bc4 Nxe4 9. Nxe4 Bxg5 10. Nxg5 Nxd4 11. Nxf7 Nxc2+ 12. Qxc2 Qa5+ 13. Ke2 Qh5+
14. f3 Qxf7 15. Rad1 d5 16. Bb3 O-O 17. Rhe1 Bd7 18. Kf2 Rac8 19. Qd2 Qf6 20.
Kg1 Qg6 21. Kh1 Kh8 22. Qd4 a6 23. Qb6 Bc6 24. Qd4 Qf6 25. Qb4 Rfe8 26. Qd2
Rcd8 27. Qf2 e5 28. Qb6 d4 29. Bc2 Rf8 30. Qa5 Bxf3 31. Rf1 Bxg2+ 32. Kxg2 Qc6+
0-1

[Event "SR 3. liga A2 2014/2015"]
[Site "?"]
[Date "2014.12.14"]
[Round "5.4"]
[White "Danada, Tomas"]
[Black "Takacs, Laszlo"]
[Result "1-0"]
[WhiteElo "2118"]
[BlackElo "2110"]
[PlyCount "115"]
[EventDate "2015.??.??"]

1. d4 Nf6 2. c4 g6 3. Nc3 Bg7 4. Nf3 d6 5. Bg5 O-O 6. e3 c5 7. Be2 Bf5 8. O-O
a6 9. Qd2 Nc6 10. d5 Nb8 11. a4 Bg4 12. h3 Bxf3 13. Bxf3 Nfd7 14. Be2 f5 15. f4
Nf6 16. Bd3 Nbd7 17. Rae1 Qb6 18. e4 fxe4 19. Nxe4 Rae8 20. a5 Qb4 21. Qxb4
cxb4 22. Bxf6 Bxf6 23. b3 Bd4+ 24. Kh2 Nc5 25. Nxc5 Bxc5 26. f5 Kg7 27. fxg6
Rxf1 28. Rxf1 hxg6 29. Re1 Bd4 30. Kg3 Be5+ 31. Kg4 Rc8 32. h4 Rc5 33. Rh1 Rxa5
34. h5 gxh5+ 35. Rxh5 Ra2 36. Rh7+ Kf8 37. Be4 Rb2 38. Kf5 Rxb3 39. c5 Bg7 40.
c6 bxc6 41. dxc6 Rc3 42. Ke6 Rc5 43. Kd7 d5 44. Bd3 a5 45. c7 a4 46. Rh4 Bc3
47. Bb1 d4 48. Rh8+ Kf7 49. Rh7+ Kf8 50. Rh8+ Kf7 51. Ra8 a3 52. Ra6 Rxc7+ 53.
Kxc7 e5 54. g4 Kg7 55. g5 Bb2 56. Rg6+ Kf7 57. Rb6 e4 58. Bxe4 1-0